El curriculum (Registro nro. 4736)

Detalles MARC
000 -LEADER
fixed length control field 01280 a2200217 4500
001 - CONTROL NUMBER
control field 48810
005 - DATE AND TIME OF LATEST TRANSACTION
control field 20260407155754.0
008 - FIXED-LENGTH DATA ELEMENTS--GENERAL INFORMATION
fixed length control field 260407a1998 arg spa d
003 - CONTROL NUMBER IDENTIFIER
control field AR-UNSa-BCEJYS
040 ## - CATALOGING SOURCE
Original cataloging agency AR-UNSa-BCEJYS
Language of cataloging spa
Transcribing agency AR-UNSa-BCEJYS
080 ## - UNIVERSAL DECIMAL CLASSIFICATION NUMBER
Universal Decimal Classification number 372
Common auxiliary subdivision Contenido y curriculum de la educación preescolar y elemental. Materias, en cualquier clase de escuela y en cualquier nivel <br/>
020 ## - INTERNATIONAL STANDARD BOOK NUMBER
International Standard Book Number 84-7112-326-6
100 1# - MAIN ENTRY--PERSONAL NAME
Personal name Gimeno Sacristán, José
245 10 - TITLE STATEMENT
Title El curriculum
Name of part/section of a work Una reflexión sobre la práctica
250 ## - EDITION STATEMENT
Edition statement 7a.ed.
264 #1 - PRODUCTION, PUBLICATION, DISTRIBUTION, MANUFACTURE, AND COPYRIGHT NOTICE
Place of production, publication, distribution, manufacture Madrid :
Name of producer, publisher, distributor, manufacturer Ediciones Morata
Date of production, publication, distribution, manufacture, or copyright notice 1998
300 ## - PHYSICAL DESCRIPTION
Extent 423 p.
Dimensions 24 cm.
505 ## - FORMATTED CONTENTS NOTE
Formatted contents note Primera Parte: La cultura, el curriculum y la práctica escolar: 1. Aproximación al concepto de curriculum - 2. La selección cultural del curriculum - 3. Las condiciones institucionales del aprendizaje motivado por el curriculum - SEGUNDA PARTE: El curriculum a través de su praxis: 4. La política curricular y el curriculum prescrito - 6. El curriculum presentado a los profesores - 7. El curriculum moldeado por los profesores - 8. El curriculum en la acción. La arquitectura de la práctica - 9. Un esquema para el diseño de la práctica - 10. El curriculum evaluado.
590 ## - LOCAL NOTE (RLIN)
Local note niveau_biblio:m niveau_hierar:0
942 ## - ADDED ENTRY ELEMENTS (KOHA)
Koha item type
Existencias
Withdrawn status Lost status Damaged status Not for loan Home library Current library Shelving location Date acquired Total checkouts Full call number Barcode Date last seen Price effective from Koha item type
        Biblioteca Prof. Eusebio Cleto del Rey Biblioteca Prof. Eusebio Cleto del Rey   07/04/2026   372 G491 7ed. L70402 07/04/2026 07/04/2026 Libro
        Biblioteca Prof. Eusebio Cleto del Rey Biblioteca Prof. Eusebio Cleto del Rey   07/04/2026   372 G491 7ed. L70403 07/04/2026 07/04/2026 Libro
        Biblioteca Prof. Eusebio Cleto del Rey Biblioteca Prof. Eusebio Cleto del Rey   07/04/2026   372 G491 7ed. L70354 07/04/2026 07/04/2026 Libro